000 01067cam a2200253 4500
008 020325n2002 000 0 eng u
020 _a0853087741
035 _a(Sirsi) u117221
041 _aeng.
050 _a346.41042
_c21
100 _aClark, D.
245 _aCommonhold: the new law
260 _aBristol
_bJordan
_c2002
300 _axxxiv,302p.
_c26cm.
350 _a32.50
520 _aA commentary on Part 1 of the Commonhold and Leasehold Reform Act 2002. Provides property practitioners with an immediate source of information on commonholds, what they are and how they operate. The appendices contain drafts of the prescribed forms of memorandum and articles of association of a commonhold association and of commonhold community statement, and the full text of Part 1 of the Commonhold and Leasehold Reform Act 2002.
650 _aCOMMONHOLD AND LEASEHOLD REFORM ACT 2002
650 _aCOMMONHOLD
650 _aFREEHOLD
650 _aFLATS
650 _aRESIDENTIAL PROPERTY
_96266
690 _aLandlord and tenant
_96252
942 _n0
999 _c101963
_d101963